=LDR 00000nam 2200000 4500 =001 INLIS000000000020471 =005 20210428085735 =035 ##$$a 0010-061300000020471 =008 210428################g##########0#ind## =041 ##$$a Ind =082 ##$$a 338.959 570 5 =090 ##$$a 338.959 570 5, Mah r =100 ##$$a Mahani, Zainal Abidin =245 1#$$a Rewriting the rules : $b Crisis manegement modal Menata ulang aturan main : sukses Malaysia mengatasi krisis ekonomi '97-'98 /$c Mahani Zainal Abidin =260 ##$$a Jakarta :$b Prenada,$c 2005 =300 ##$$a xxvi, 322 hlm. : $b ilus ; $c 23 x 18,5 cm. =650 #4$$a Malaysia - politik ekonomi =850 ##$$a NBPNMAT =020 ##$$a 979-3464-25-9 =084 ##$$a 338.959 570 5 MAH r =250 ##$$a cet. 1 =520 ##$$a Bibliografi : hlm. 309-317 =990 ##$$a 20610728 =990 ##$$a 20610729 =990 ##$$a 20610730 =990 ##$$a 20610731